| 000 | 00787nam a2200229 i 4500 | ||
|---|---|---|---|
| 001 | 000031674 | ||
| 003 | DO-SdBNP | ||
| 005 | 20241111125631.0 | ||
| 007 | ta | ||
| 008 | 110629s1965 dr 000 0 spa d | ||
| 040 |
_aDO-SdBNP _bspa _cBNPHU _erda |
||
| 082 |
_axxx _bP969 _222 |
||
| 245 | 0 | 0 | _aProyecto de acto institucional que el gobierno constitucional de la República Dominicana ha elaborado para ser discutido frente a la comisión Ad-Hoc de la organización de Estados Americanos. |
| 264 |
_aSanto Domingo : _bEditora no indentificada, _c1965. |
||
| 300 |
_a42 páginas ; _c22 cm. |
||
| 336 |
_ardacontent _btexto _2txt |
||
| 337 |
_ardamedia _bsin mediación _2n |
||
| 338 |
_ardacarrier _bvolumen _2nc |
||
| 590 | _aInventariado, 2024/DG | ||
| 910 | _aDG | ||
| 942 |
_2ddc _cLBS1 |
||
| 999 |
_c31166 _d31166 |
||